Menores en estrategia de sobrevivencia: la problemática salvadoreña /
Está estructurado en seis partes: 1. Problemas conceptuales y metodológicos. Toman acepciones desarrolladas por UNICEF de niños, vincula condiciones de pobreza y el hogar en que viven y otra que relaciona segmentos del mercado en que trabajan y las edades que tienen. 2. Pobreza y población infantil...
Gespeichert in:
| 1. Verfasser: | |
|---|---|
| Format: | Text |
| Schlagworte: | |
| Tags: |
Tag hinzufügen
Keine Tags, Fügen Sie den ersten Tag hinzu!
|
MARC
| LEADER | 00000 a a2200000 04500 | ||
|---|---|---|---|
| 001 | 46807 | ||
| 003 | |||
| 040 | |||
| 090 | |a REV0229 (83) 1995 | ||
| 100 | |a Menjívar Larín, Rafael | ||
| 245 | |a Menores en estrategia de sobrevivencia: |b la problemática salvadoreña / |c Rafael Menjívar Larín | ||
| 520 | |a Está estructurado en seis partes: 1. Problemas conceptuales y metodológicos. Toman acepciones desarrolladas por UNICEF de niños, vincula condiciones de pobreza y el hogar en que viven y otra que relaciona segmentos del mercado en que trabajan y las edades que tienen. 2. Pobreza y población infantil en El Salvador: El Estado y la inversión social para la infancia. 3. La problemática de los menores del área urbana: mercados laborales de los menores, acciones requeridas frente al trabajo de menores. 4. Los niños de la calle: cuantificación, características, concentración de niños en la ciudad. 5. Organizaciones gubernamentales y no gubernamentales y módulos. 6. Conclusiones y recomendaciones. El factor estructural de mayor peso como generador de niños de la calle es la pobreza extrema, secuela de conflicto bélico y de las medidas económicas de ajuste estructural. El Estado tiene un accionar débil y las ONGs no son suficientes para revertir esta situación. | ||
| 650 | |a NIÑOS | ||
| 650 | |a INFANCIA | ||
| 650 | |a SUPERVIVENCIA INFANTIL | ||
| 650 | |a ZONAS URBANAS | ||
| 650 | |a CIUDADES | ||
| 773 | |g número83, (1995), páginas 1-74 | ||
| 999 | |c 32126 |d 32126 | ||
